| 000 | 00670nam a2200217Ia 4500 | ||
|---|---|---|---|
| 003 | GCL | ||
| 008 | 140319s9999 xx 000 0 ara d | ||
| 020 | _a6301014977 | ||
| 040 |
_aGCL / _cGCL |
||
| 082 | 0 | 4 |
_a793.734 _bر ل |
| 100 | 1 | _aراسكين، ايلين | |
| 245 | 1 | 0 |
_aلعبة ويستنج / _cراسكين، ايلين |
| 250 | _aالاولى | ||
| 260 |
_aالقاهرة : _bنهضة مصر للطباعة والنشر والتوزيع ، _c2005 |
||
| 300 |
_a182 ص ؛ _c20 سم |
||
| 650 | 0 | 4 | _aالالعاب |
| 650 | 0 | 4 | _aالالعاب الترفهية |
| 650 | 0 | 4 | _aالالغاز |
| 650 | 0 | 4 | _aالالعاب العقلية |
| 942 |
_2ddc _cBK |
||
| 999 |
_c7626 _d7626 |
||